Production and inventory management

Gespeichert in:
Bibliographische Detailangaben
1. Verfasser: Hax, Arnoldo C.
Weitere Verfasser: Candea, Dan
Format: Buch
Sprache:Englisch
Veröffentlicht: Englewood Cliffs Prentice-Hall, Inc. 1984
Schlagworte:
Tags: Tag hinzufügen
Keine Tags, Fügen Sie das erste Tag hinzu!

MARC

LEADER 00000nam a2200000 4500
001 c100682
005 20221207074949.6
020 |a 0-13-724880-6 
041 0 |a eng 
044 |a US 
245 1 0 |a Production and inventory management  |c Arnoldo C. Hax, Dan Candea 
264 1 |a Englewood Cliffs  |b Prentice-Hall, Inc.  |c 1984 
300 |a 513 s. 
610 2 0 |a riadenie výroby 
610 2 0 |a riadenie zásob 
610 2 0 |a manažment 
610 2 0 |a kontrola výroby 
610 2 0 |a zásoby 
100 1 |a Hax, Arnoldo C. 
700 1 |a Candea, Dan